Billboard Hot 100 #1 Hits of 2015 - Statistics

General Stats
  • This quiz has been taken 30 times
  • The average score is 48 of 52
Answer Stats
Issue Date #1 Hit Artist % Correct
January 17 Uptown Funk Mark Ronson ft. Bruno Mars
100%
January 24 Uptown Funk Mark Ronson ft. Bruno Mars
100%
January 31 Uptown Funk Mark Ronson ft. Bruno Mars
100%
February 7 Uptown Funk Mark Ronson ft. Bruno Mars
100%
February 14 Uptown Funk Mark Ronson ft. Bruno Mars
100%
February 21 Uptown Funk Mark Ronson ft. Bruno Mars
100%
February 28 Uptown Funk Mark Ronson ft. Bruno Mars
100%
March 7 Uptown Funk Mark Ronson ft. Bruno Mars
100%
March 14 Uptown Funk Mark Ronson ft. Bruno Mars
100%
March 21 Uptown Funk Mark Ronson ft. Bruno Mars
100%
March 28 Uptown Funk Mark Ronson ft. Bruno Mars
100%
April 4 Uptown Funk Mark Ronson ft. Bruno Mars
100%
April 11 Uptown Funk Mark Ronson ft. Bruno Mars
100%
April 18 Uptown Funk Mark Ronson ft. Bruno Mars
100%
November 14 Hello Adele
95%
November 21 Hello Adele
95%
November 28 Hello Adele
95%
December 5 Hello Adele
95%
December 12 Hello Adele
95%
December 19 Hello Adele
95%
December 26 Hello Adele
95%
October 3 The Hills The Weeknd
95%
October 10 The Hills The Weeknd
95%
October 17 The Hills The Weeknd
95%
October 24 The Hills The Weeknd
95%
October 31 The Hills The Weeknd
95%
November 7 The Hills The Weeknd
95%
April 25 See You Again Wiz Khalifa ft. Charlie Puth
90%
May 2 See You Again Wiz Khalifa ft. Charlie Puth
90%
May 9 See You Again Wiz Khalifa ft. Charlie Puth
90%
May 16 See You Again Wiz Khalifa ft. Charlie Puth
90%
May 23 See You Again Wiz Khalifa ft. Charlie Puth
90%
May 30 See You Again Wiz Khalifa ft. Charlie Puth
90%
June 13 See You Again Wiz Khalifa ft. Charlie Puth
90%
June 20 See You Again Wiz Khalifa ft. Charlie Puth
90%
June 27 See You Again Wiz Khalifa ft. Charlie Puth
90%
July 4 See You Again Wiz Khalifa ft. Charlie Puth
90%
July 11 See You Again Wiz Khalifa ft. Charlie Puth
90%
July 18 See You Again Wiz Khalifa ft. Charlie Puth
90%
June 6 Bad Blood Taylor Swift ft. Kendrick Lamar
86%
January 3 Blank Space Taylor Swift
86%
January 10 Blank Space Taylor Swift
86%
August 22 Can't Feel My Face The Weeknd
81%
September 12 Can't Feel My Face The Weeknd
81%
September 26 Can't Feel My Face The Weeknd
81%
July 25 Cheerleader Omi
81%
August 1 Cheerleader Omi
81%
August 8 Cheerleader Omi
81%
August 15 Cheerleader Omi
81%
August 29 Cheerleader Omi
81%
September 5 Cheerleader Omi
81%
September 19 What Do You Mean? Justin Bieber
67%
No matching quizzes found
Score Distribution
Percent of People with Each Score
Percentile by Number Answered
Your Score History
You have not taken this quiz